Strī caritre. (Record no. 68881)

MARC details
000 -LEADER
fixed length control field 00504cam a22002171 4500
001 - CONTROL NUMBER
control field sa 66003419
003 - CONTROL NUMBER IDENTIFIER
control field DLC
005 - DATE AND TIME OF LATEST TRANSACTION
control field 20260227112235.0
008 - FIXED-LENGTH DATA ELEMENTS--GENERAL INFORMATION
fixed length control field 920106s1963 ii 000 1 kano
010 ## - LIBRARY OF CONGRESS CONTROL NUMBER
LC control number sa 66003419
035 ## - SYSTEM CONTROL NUMBER
System control number (OCoLC)25056090
040 ## - CATALOGING SOURCE
Original cataloging agency DLC
Transcribing agency WaU
Modifying agency DLC
042 ## - AUTHENTICATION CODE
Authentication code premarc
050 00 - LIBRARY OF CONGRESS CALL NUMBER
Classification number PL4658
Item number .S7
245 00 - TITLE STATEMENT
Title Strī caritre.
260 ## - PUBLICATION, DISTRIBUTION, ETC.
Date of publication, distribution, etc. 1963.
300 ## - PHYSICAL DESCRIPTION
Extent 274 p.
Dimensions 19 cm.
500 ## - GENERAL NOTE
General note In Kannada.
500 ## - GENERAL NOTE
General note Short stories.
650 #0 - SUBJECT ADDED ENTRY--TOPICAL TERM
Topical term or geographic name entry element Short stories, Kannada.

No items available.

Powered by Koha